| 000 | 01030nab a2200301 4500 | ||
|---|---|---|---|
| 003 | BR-BrBNA | ||
| 005 | 20260404145714.0 | ||
| 008 | 260404b bl.||||| |||| 00| 0 por d | ||
| 040 |
_aBR-BrBNA _bpor |
||
| 072 |
_aL01 ; L10 ; E14 ; E20 ; Q02 ; Q04 ; E70 _b5213 ; 9702 |
||
| 100 | _aBianco, Renato | ||
| 245 |
_aReceita na palma da mão _bEspecial orgulho de ser pecuarista |
||
| 500 | _a4 illus. | ||
| 650 | _aPECUÁRIA DE CORTE | ||
| 650 | _aMELHORAMENTO GENÉTICO ANIMAL | ||
| 650 | _aINSEMINAÇÃO ARTIFICIAL | ||
| 650 | _aINOVAÇÃO TECNOLÓGICA | ||
| 650 | _aGESTÃO DA PROPRIEDADE | ||
| 650 | _aCONFINAMENTO | ||
| 650 | _aFRIGORÍFICO | ||
| 650 | _aCARNE | ||
| 650 | _aQUALIDADE DO PRODUTO | ||
| 650 | _aPRODUTIVIDADE | ||
| 650 | _aCOMERCIALIZAÇÃO | ||
| 773 | 0 |
_01706 _9348155 _dSão Paulo-SP Editora Três Ltda - E-mail: luizfsa@revistadinheiro.com.br 2004 _o2025-0644 _tDinheiro Rural (Brazil) _x1807-3700 _gv. 10(130) p. 60-63; (Oct 2015) _wBR2026000452 |
|
| 942 | _cANA | ||
| 999 |
_c341233 _d341233 |
||